| 000 | 00643nam a2200193 i 4500 | ||
|---|---|---|---|
| 001 | 38358 | ||
| 003 | ES-MaACL | ||
| 005 | 20230906155737.0 | ||
| 008 | 030225s1970 sp a |||| | spa d | ||
| 100 | 1 |
_aBurnand, Anthony. _932727 |
|
| 245 | 1 | 0 |
_aPesca a la mosca / _cpor Tony Burnand y Pierre Barbellion ; ilustraciones de P. Desson ; versión J. Maestre Ceriola. |
| 260 |
_aBarcelona : _bEditorial Hispano Europea, _c1970. |
||
| 300 |
_a295 p. : _bil. ; _c21 cm. |
||
| 650 | 4 |
_aPesca. _9136688 |
|
| 700 | 1 |
_aBarbellion, Pierre. _925403 |
|
| 700 | 1 |
_aDesson, P. _943946 |
|
| 700 | 1 |
_aMaestre Ceriola, J. _975396 |
|
| 852 |
_aES-MaACL _jC-44259 |
||
| 999 |
_c38358 _d38358 |
||